| 000 | 00767nam a2200253Ia 4500 | ||
|---|---|---|---|
| 003 | OSt | ||
| 005 | 20220918171638.0 | ||
| 006 | a|||||r|||| 00| 0 | ||
| 007 | ta | ||
| 008 | 220917b |||||||| |||| 00| 0 eng d | ||
| 020 |
_a9788123020754 (hbk) _c2200 |
||
| 024 | _a289,211 | ||
| 037 |
_b189, 16/03/2016, K. K. Publications _cTextual |
||
| 040 |
_aARTS _cARTS _beng |
||
| 041 |
_2eng _aeng |
||
| 082 | _aNA44,8(V2,1), Q5 | ||
| 100 |
_aWright Gillian Ed. _937997 |
||
| 245 | 0 | _aPresidential retreats of India | |
| 260 |
_aNew Delhi _bPublications Division India _c2015 |
||
| 300 |
_a260p. _ccm. |
||
| 650 | _aARTS | ||
| 942 |
_hNA44,8(V2,1), Q5 _cTEXL _2CC |
||
| 999 |
_c140674 _d140674 |
||